000 00582nam a2200205Ia 4500
003 OSt
005 20221002054712.0
006 a|||||r|||| 00| 0
007 ta
008 220930b |||||||| |||| 00| 0 eng d
024 _a70059
037 _cReference Collections
040 _aCRL
_cCRL
_beng
041 _2eng
_aeng
082 _aa14,1, L3(RR)
245 0 _aUnion catalogue of social science periodical
_b Delhi
260 _aNew Delhi
_bsocial science documentation
_c1973
942 _ha14,1, L3(RR)
_cref
_2CC
999 _c925589
_d925589